000 00499nam a2200205Ia 4500
005 20240423124937.0
008 131103s9999 xx 000 0 und d
040 _aLoreto College
041 _aEnglish
082 _a370.954
_bSHR
100 _aShrimali,K.L.
245 _aEducation in Changing India
_cK.L.Shrimali
260 _aNew York
_bAsia
_c1965
300 _avii,256 p.
630 _aIndia - Education
650 _aEducation
651 _aIndia
850 _aLCBED
942 _cBK
999 _c25774
_d76253